Les pays qui ont envoyé au moins un(e) homme/femme dans l'espace - Statistiques

Statistiques générales
  • Ce quiz a été pris 41 fois
  • Le résultat moyen est 29 sur 41
Statistiques - réponses
Premier voyage Pays qui ont envoyé un ou plusieurs humains dans l'espace % Correct
2003 Chine
100%
1961 Etats-Unis
100%
1982 France
100%
1961 URSS
100%
1998 Espagne
97%
1990 Japon
95%
1992 Russie
95%
1978 Allemagne de l'Est
92%
1984 Canada
92%
1983 Allemagne de l'Ouest
90%
1991 Royaume-Uni
90%
2008 Corée du Sud
87%
1985 Mexique
87%
2006 Brésil
82%
1984 Inde
82%
1992 Italie
82%
2006 Suède
82%
1997 Ukraine
82%
1985 Pays-Bas
79%
1992 Suisse
77%
1991 Autriche
74%
1992 Belgique
74%
2015 Danemark
72%
1978 Pologne
69%
2006 Iran
67%
1978 Tchécoslovaquie
67%
1980 Hongrie
64%
2002 Afrique du Sud
56%
1985 Arabie Saoudite
51%
2015 Kazakhstan
51%
1979 Bulgarie
46%
2003 Israel
46%
1981 Roumanie
46%
1999 Slovaquie
44%
1980 Cuba
38%
2019 Emirats Arabes Unis
38%
2007 Malaisie
38%
1980 Viet Nam
33%
1987 Syrie
31%
1988 Afghanistan
28%
1981 Mongolie
28%
Aucun quiz correspondant
Distribution des résultats
% des personnes avec chaque résultat
Percentile par nombre de réponses
Votre historique - résultats
Vous n’avez pas pris ce quiz